<?xml version="1.0" encoding="UTF-8"?>
<record
    xmlns:xsi="http://www.w3.org/2001/XMLSchema-instance"
    xsi:schemaLocation="http://www.loc.gov/MARC21/slim http://www.loc.gov/standards/marcxml/schema/MARC21slim.xsd"
    xmlns="http://www.loc.gov/MARC21/slim">

  <leader>04681nam a22003497a 4500</leader>
  <controlfield tag="003">DO-SdBNP</controlfield>
  <controlfield tag="005">20250411120544.0</controlfield>
  <controlfield tag="007">ta</controlfield>
  <controlfield tag="008">210420e2020    dr ac||grb||| 001 0dspa d</controlfield>
  <datafield tag="020" ind1=" " ind2=" ">
    <subfield code="a">9789945408393</subfield>
  </datafield>
  <datafield tag="040" ind1=" " ind2=" ">
    <subfield code="a">DO-SdBNP</subfield>
    <subfield code="b">spa</subfield>
    <subfield code="c">BNPHU</subfield>
  </datafield>
  <datafield tag="041" ind1=" " ind2=" ">
    <subfield code="h">spa</subfield>
  </datafield>
  <datafield tag="082" ind1=" " ind2="4">
    <subfield code="a">972.93053</subfield>
    <subfield code="b">S718T, 2020</subfield>
    <subfield code="2">22</subfield>
  </datafield>
  <datafield tag="100" ind1="1" ind2="0">
    <subfield code="a">Soto Jim&#xE9;nez, Jos&#xE9; Miguel,</subfield>
    <subfield code="d">1956-</subfield>
    <subfield code="9">11668</subfield>
  </datafield>
  <datafield tag="245" ind1="1" ind2="3">
    <subfield code="a">Malfin&#xED; :</subfield>
    <subfield code="b">radiograf&#xED;a de un magnicidio. estudio forence de la muerte de Trujillo /</subfield>
    <subfield code="c">Jos&#xE9; Miguel Soto Jim&#xE9;nez ; Victor Grimaldi , Luis Estrella ,  fotos , </subfield>
  </datafield>
  <datafield tag="250" ind1=" " ind2=" ">
    <subfield code="a">4a. ed.</subfield>
  </datafield>
  <datafield tag="260" ind1=" " ind2=" ">
    <subfield code="a">Santo Domingo :</subfield>
    <subfield code="b">Fundaci&#xF3;n V Rep&#xFA;blica ,</subfield>
    <subfield code="c">2020</subfield>
  </datafield>
  <datafield tag="300" ind1=" " ind2=" ">
    <subfield code="a">757 p. :</subfield>
    <subfield code="b">il.,  fots.  ;</subfield>
    <subfield code="c">25 cm.</subfield>
  </datafield>
  <datafield tag="500" ind1=" " ind2=" ">
    <subfield code="a">Incluye datos biogr&#xE1;ficos del autor en las solapas</subfield>
  </datafield>
  <datafield tag="500" ind1=" " ind2=" ">
    <subfield code="a">Incluye referencias bibliogr&#xE1;ficas y ntoas al pie de las p&#xE1;ginas</subfield>
  </datafield>
  <datafield tag="500" ind1=" " ind2=" ">
    <subfield code="a">Incluye anexos </subfield>
  </datafield>
  <datafield tag="504" ind1=" " ind2=" ">
    <subfield code="a">Bibliograf&#xED;a: p. 643-654</subfield>
  </datafield>
  <datafield tag="505" ind1="0" ind2=" ">
    <subfield code="a">Sobre el t&#xED;tulo.--</subfield>
    <subfield code="t">Historia secreta de un libro.--</subfield>
    <subfield code="t">Un libro demasiado anunciado.--</subfield>
    <subfield code="t">Introducci&#xF3;n informe Trujillo.--</subfield>
    <subfield code="g">Cap&#xED;tulo 1 :</subfield>
    <subfield code="t">Rumbo a donde "pica el peje".--</subfield>
    <subfield code="g">Cap&#xED;tulo 2 :</subfield>
    <subfield code="t">A la caza mortal del "guaraguao"</subfield>
    <subfield code="g">Cap&#xED;tulo 3 :</subfield>
    <subfield code="t">Con el hombre aqu&#xE9;l en el ba&#xFA;l.-</subfield>
    <subfield code="g">Cap&#xED;tulo 4 :</subfield>
    <subfield code="t">Retazos de una madrugada inteminable.--</subfield>
    <subfield code="g">Cap&#xED;tulo 5 .</subfield>
    <subfield code="t">Mientras una llovizna breve ca&#xED;a. De los recuerdos y testimonios de don Luis Ruiz Trujillo.-</subfield>
    <subfield code="g">Cap&#xED;tulo 6 :</subfield>
    <subfield code="t">El d&#xED;a mas claro llueve.-</subfield>
    <subfield code="g">Cap&#xED;tulo 7 :</subfield>
    <subfield code="t">De conjurado a deudo.-</subfield>
    <subfield code="g">Cap&#xED;tulo 8 :</subfield>
    <subfield code="t">Tratando de colar claro el caf&#xE9; turbio de esa madrugada tremebunda.</subfield>
    <subfield code="g">Cap&#xED;tulo 9 :</subfield>
    <subfield code="t">No por mucho madrugar amanece mas temprano.</subfield>
    <subfield code="g">Cap&#xED;tulo 10 :</subfield>
    <subfield code="t">Amaneciendo sin el hombre aqu&#xE9;l.</subfield>
    <subfield code="g">Cap&#xED;tulo 11 .</subfield>
    <subfield code="t">Arreglando el cad&#xE1;ver del jefe.</subfield>
    <subfield code="g">Buscando un preludio para el 30 de mayo </subfield>
    <subfield code="g">Capitulo 12.</subfield>
    <subfield code="t">Estampa de Johnny el &#xA8;Pegachucho&#xA8; --</subfield>
    <subfield code="g">Capitulo 13</subfield>
    <subfield code="t">Las tres hermanas --</subfield>
    <subfield code="g">Capitulo 13.</subfield>
    <subfield code="t">Las tres hermanas --</subfield>
    <subfield code="g">Capitulo 14.</subfield>
    <subfield code="t">Quiz&#xE1;s, quiz&#xE1;s, quiz&#xE1;s</subfield>
    <subfield code="g">Capitulo 15.</subfield>
    <subfield code="t">El cumplea&#xF1;os de negro --</subfield>
    <subfield code="g">Cap&#xED;tulo 16.</subfield>
    <subfield code="t">El cumplea&#xF1;os pensado --</subfield>
    <subfield code="g">Capitulo 17.</subfield>
    <subfield code="t">El d&#xED;a de San Fernando -- </subfield>
    <subfield code="g">Capitulo 18.</subfield>
    <subfield code="t">Cogiendo fresco en el malec&#xF3;n -- </subfield>
    <subfield code="g">Cap&#xED;tulo 19. </subfield>
    <subfield code="t">La muerte del  &#xA8;Guaraguo&#xA8;-- </subfield>
    <subfield code="g">La gesta: h&#xE9;roes, hombre, hechos, causas, razones, circunstancias y azahares del 30 de  mayo </subfield>
    <subfield code="g">Capitulo 20.  </subfield>
    <subfield code="t">Antonio de La maza V&#xE1;zquez . &#xA8;Muerto el perro se acab&#xF3; la rabia&#xA8;</subfield>
    <subfield code="g">Capitulo 21.</subfield>
    <subfield code="t">La fuerza desesperada de la venganza --</subfield>
    <subfield code="g">Capitulo 22.</subfield>
    <subfield code="t">Antonio y la conspiracion abierta --</subfield>
    <subfield code="g">Capitulo 24.</subfield>
    <subfield code="t">General Juan Tom&#xE1;z D&#xED;az --</subfield>
    <subfield code="g">Cap&#xED;tulo 25. </subfield>
    <subfield code="t">Si con hacerlo quedara hecho --</subfield>
    <subfield code="g">Cap&#xED;tulo 26.</subfield>
    <subfield code="t">A los heroes no se les cobra -- </subfield>
    <subfield code="g">Capitulo 27.</subfield>
    <subfield code="t">El teniente amado Garc&#xED;a Guerrero -- </subfield>
    <subfield code="g">Capitulo 28.</subfield>
    <subfield code="t">Ese orificio peque&#xF1;o y redondo en la barbilla -- </subfield>
    <subfield code="g">Capitulo 29.</subfield>
    <subfield code="t">Hu&#xE1;scar, los interrogatorios y el plan --</subfield>
    <subfield code="g">Capitulo 30. </subfield>
    <subfield code="t">Hu&#xE1;scar y las razones evidentes --</subfield>
    <subfield code="g">Capitulo 31.</subfield>
    <subfield code="t">Hu&#xE1;scar, el mar y los hechos consumados --</subfield>
    <subfield code="g">Capitulo 32.</subfield>
    <subfield code="t">Las cruciales declaraciones de Pedro Livio --</subfield>
    <subfield code="g">Capitulo 33.</subfield>
    <subfield code="t">La zaga heroica de pastoriza -- </subfield>
    <subfield code="g">Capitulo 34.</subfield>
    <subfield code="t">Modesto D&#xED;as Quezada --</subfield>
    <subfield code="g">Capitulo 35. </subfield>
    <subfield code="t">Tunti C&#xE1;ceres Michel o el elogio de la juventud --</subfield>
    <subfield code="g">Capitulo 36.</subfield>
    <subfield code="t">Practicando la caza y esperando la presa -- </subfield>
    <subfield code="g">Capitulo 37.</subfield>
    <subfield code="t">El revolver &#xE9;se de nuestras culpas --</subfield>
    <subfield code="g">Capitulo 38.</subfield>
    <subfield code="t">Esas mismas heridas del recuerdo --</subfield>
    <subfield code="g">Capitulo 39.</subfield>
    <subfield code="t">Marcelino, pan y vino --</subfield>
    <subfield code="g">Capitulo 40.</subfield>
    <subfield code="t">Lucas Castillo Herrera o las vainas del azar --</subfield>
    <subfield code="g">Capitulo 41.</subfield>
    <subfield code="t">Zacarias de La Cruz y los temores -- </subfield>
    <subfield code="g">Capitulo 42. </subfield>
    <subfield code="t">El escopetazo -- </subfield>
    <subfield code="g">Capitulo 43.</subfield>
    <subfield code="t">Sobre el llamado asalto final --</subfield>
    <subfield code="g">Capitulo 44.</subfield>
    <subfield code="t">Zacar&#xED;as y &#xA8;cachero&#xA8; se dan la mano --</subfield>
    <subfield code="g">Capitulo 45.</subfield>
    <subfield code="t">Confesi&#xF3;n del general Jos&#xE9; Ren&#xE9; Rom&#xE1;n Fern&#xE1;ndez --</subfield>
    <subfield code="g">Capitulo 46.</subfield>
    <subfield code="t">El muerto trashumante -- </subfield>
    <subfield code="g">Capitulo 47.</subfield>
    <subfield code="t">El sitio memorable de junio de 1961 a junio del 1995 --</subfield>
    <subfield code="g">Capitulo 48.</subfield>
    <subfield code="t">La conspiraci&#xF3;n de los pilotos 19 de noviembre de 1961 --</subfield>
    <subfield code="g">Capitulo 49.</subfield>
    <subfield code="t">La gesta de los aviadores --</subfield>
    <subfield code="g">Capitulo 50. </subfield>
    <subfield code="t">A cohetazo limpio --</subfield>
    <subfield code="g">Capitulo 51 </subfield>
    <subfield code="t">Entre dudas, correcciones y confusiones --</subfield>
    <subfield code="g">Capitulo 52.</subfield>
    <subfield code="t">Navidad con libertadad --</subfield>
    <subfield code="g">Capitulo 54</subfield>
    <subfield code="t">Al fin y al cabo --</subfield>
    <subfield code="t">Algunos rasgos psicol&#xF3;gicos , forenses de varios participantes del 30 de mayo --</subfield>
    <subfield code="t">Interrogatorios -- </subfield>
    <subfield code="t">Mapa conceptual investigaci&#xF3;n muerte de Trujillo. Instrumento de trabajo. </subfield>
    <subfield code="t">Los &#xFA;ltimos interrogatorios </subfield>
    <subfield code="t">Bibliograf&#xED;a</subfield>
  </datafield>
  <datafield tag="590" ind1=" " ind2=" ">
    <subfield code="a">Inventariado, 2020/MFF</subfield>
  </datafield>
  <datafield tag="600" ind1="1" ind2="0">
    <subfield code="a">Trujillo Molina, Rafael Le&#xF3;nidas,</subfield>
    <subfield code="d"> 1891-1961</subfield>
    <subfield code="9">76764</subfield>
  </datafield>
  <datafield tag="650" ind1=" " ind2="4">
    <subfield code="a">Homicidio pol&#xED;tico</subfield>
    <subfield code="z">Rep&#xFA;blica Dominicana</subfield>
    <subfield code="9">11383</subfield>
  </datafield>
  <datafield tag="650" ind1=" " ind2="4">
    <subfield code="a">Presidentes </subfield>
    <subfield code="x">Asesinato</subfield>
    <subfield code="z">Rep&#xFA;blica Dominicana</subfield>
    <subfield code="9">78483</subfield>
  </datafield>
  <datafield tag="650" ind1=" " ind2="4">
    <subfield code="a">Asesinato </subfield>
    <subfield code="x">Investigaci&#xF3;n</subfield>
    <subfield code="z">Rep&#xFA;blica Dominicana</subfield>
    <subfield code="9">78484</subfield>
  </datafield>
  <datafield tag="651" ind1=" " ind2="4">
    <subfield code="a">Rep&#xFA;blica Dominicana</subfield>
    <subfield code="x">Pol&#xED;tica y gobierno </subfield>
    <subfield code="y">1930-1961</subfield>
    <subfield code="9">479</subfield>
  </datafield>
  <datafield tag="910" ind1=" " ind2=" ">
    <subfield code="a">MF/Validado. Control de calidad MFF</subfield>
  </datafield>
  <datafield tag="942" ind1=" " ind2=" ">
    <subfield code="2">ddc</subfield>
    <subfield code="c">LBS1</subfield>
  </datafield>
  <datafield tag="952" ind1=" " ind2=" ">
    <subfield code="0">0</subfield>
    <subfield code="1">0</subfield>
    <subfield code="2">ddc</subfield>
    <subfield code="5">1</subfield>
    <subfield code="7">1</subfield>
    <subfield code="8">PD</subfield>
    <subfield code="a">BNPHU</subfield>
    <subfield code="b">PD</subfield>
    <subfield code="c">HD</subfield>
    <subfield code="d">2021-04-07</subfield>
    <subfield code="e">Dep&#xF3;sito legal</subfield>
    <subfield code="l">0</subfield>
    <subfield code="o">BNPHU PD 972.93053 S718T 2020</subfield>
    <subfield code="p">2021-1526</subfield>
    <subfield code="r">2021-04-20</subfield>
    <subfield code="w">2021-04-20</subfield>
    <subfield code="y">LFPD</subfield>
  </datafield>
  <datafield tag="952" ind1=" " ind2=" ">
    <subfield code="0">0</subfield>
    <subfield code="1">0</subfield>
    <subfield code="2">ddc</subfield>
    <subfield code="5">1</subfield>
    <subfield code="7">2</subfield>
    <subfield code="8">PD</subfield>
    <subfield code="a">BNPHU</subfield>
    <subfield code="b">PD</subfield>
    <subfield code="c">HD</subfield>
    <subfield code="d">2021-04-07</subfield>
    <subfield code="e">Dep&#xF3;sito legal</subfield>
    <subfield code="l">0</subfield>
    <subfield code="o">BNPHU 972.93053 S718T 2020</subfield>
    <subfield code="p">2021-1527</subfield>
    <subfield code="r">2021-04-20</subfield>
    <subfield code="t">e.2</subfield>
    <subfield code="w">2021-04-20</subfield>
    <subfield code="y">LFPD</subfield>
  </datafield>
  <datafield tag="999" ind1=" " ind2=" ">
    <subfield code="c">49763</subfield>
    <subfield code="d">49763</subfield>
  </datafield>
</record>
